000
00196 a2200097 4500
001
4943
100
_a
Dyson,F
245
_a
Principles of Mechanism
260
_a
_b
Oxford
_c
090
_c
4123
_d
4123
942
_a
NUST-CAE
_c
M
_c
30405
999
_c
240016
_d
240016